Makroekonomická stratégia prechodu na trhovú ekonomiku Konkurencieschopnosť, bankovníctvo, Slovensko a Európska únia

Enregistré dans:
Détails bibliographiques
Auteur principal: Ferianc, Ján
Autres auteurs: Korauš, Antonín, Buček, Milan
Format: Livre
Langue:slovaque
Publié: Bratislava Sprint 1997
Édition:1. vyd.
Collection:Nová ekonómia
Sujets:
Tags: Ajouter un tag
Pas de tags, Soyez le premier à ajouter un tag!

MARC

LEADER 00000nam a2200000 4500
001 c019501
005 20221214071318.0
020 |a 80-88848-13-X 
041 0 |a slo 
044 |a SK 
245 1 0 |a Makroekonomická stratégia prechodu na trhovú ekonomiku  |b Konkurencieschopnosť, bankovníctvo, Slovensko a Európska únia  |c Ján Ferianc, Anton Korauš ; Ved. red. Milan Buček 
250 |a 1. vyd. 
264 1 |a Bratislava  |b Sprint  |c 1997 
300 |a 237 s. 
490 1 |a Nová ekonómia 
830 0 |a Nová ekonómia 
610 2 0 |a stratégia hospodárska 
610 2 0 |a makroekonomika 
610 2 0 |a hospodárstvo trhové 
610 2 0 |a transformácia 
610 2 0 |a konkurencieschopnosť 
610 2 0 |a bankovníctvo 
610 2 0 |a Slovensko 
610 2 0 |a Európska únia 
610 2 0 |a VÚB, a.s. Bratislava 
610 2 0 |a ČSOB Praha 
100 1 |a Ferianc, Ján 
700 1 |a Korauš, Antonín 
700 1 |a Buček, Milan